Centro América 1984-1986: orígenes, alcances y perspectivas de la crisis de los países de la región

Gardado en:
Detalles Bibliográficos
Autor Corporativo: Inforpress Centroamericana
Formato: Texto
Publicado: Guatemala: INFORPRESS Centroamericana
Etiquetas: Engadir etiqueta
Sen Etiquetas, Sexa o primeiro en etiquetar este rexistro!

MARC

LEADER 00000 a a2200000 04500
001 23430
003
040
090 |a 162800  
110 |a Inforpress Centroamericana  
245 |a Centro América 1984-1986: orígenes, alcances y perspectivas de la crisis de los países de la región  
260 |a Guatemala:   |b INFORPRESS Centroamericana  
300 |a 52 p.   |b **no definido**  
999 |c 12297  |d 12297